| 000 | 00552nam a2200217Ia 4500 | ||
|---|---|---|---|
| 001 | 13192 | ||
| 003 | GE_BSU | ||
| 008 | 181216s||||||||xx |||||||||||||| ||und|| | ||
| 040 | _cGE_BSU | ||
| 080 | _a631.8(076) | ||
| 100 | _aРадов,А.С. | ||
| 245 | _aПрактикум по агрохимии | ||
| 245 | _bУчебник | ||
| 260 | _aМосква | ||
| 260 | _bКолос | ||
| 260 | _c1965 | ||
| 300 | _a375стр.20см. | ||
| 300 | _cБиблиогр.с.355-357 | ||
| 653 | _aПрактикум по агрохимии | ||
| 942 | _cBK | ||
| 999 |
_c46356 _d46356 |
||